ရှမ်းပြည်တစ်ခွင် ခြေလျင်ခရီး / (Record no. 27235)

000 -LEADER
fixed length control field 00930nam a22001817a 4500
005 - DATE AND TIME OF LATEST TRANSACTION
control field 20240910090132.0
008 - FIXED-LENGTH DATA ELEMENTS--GENERAL INFORMATION
fixed length control field 230714b ||||| |||| 00| 0 eng d
040 ## - CATALOGING SOURCE
Transcribing agency SSBUL
Modifying agency SSBUL
082 ## - DEWEY DECIMAL CLASSIFICATION NUMBER
Edition number 23
Classification number ၉၁၅.၉၁၁၆ ရောင်
Item number ၁၆၀၂၄ (S-SAT)
100 0# - MAIN ENTRY--PERSONAL NAME
Personal name ရောင်နီ။
9 (RLIN) 28033
245 1# - TITLE STATEMENT
Title ရှမ်းပြည်တစ်ခွင် ခြေလျင်ခရီး /
Statement of responsibility, etc. ရောင်နီ။
260 ## - PUBLICATION, DISTRIBUTION, ETC.
Place of publication, distribution, etc. ရန်ကုန် ၊
Name of publisher, distributor, etc. ကျုံပျော်စာပေ၊
Date of publication, distribution, etc. [၁၉၆၄]။
300 ## - PHYSICAL DESCRIPTION
Extent ၁၇၆ စာမျက်နှာ၊
Dimensions ၁၈ စင်တီ။
500 ## - GENERAL NOTE
General note S-SAT: Sai Aung Tun
650 ## - SUBJECT ADDED ENTRY--TOPICAL TERM
Topical term or geographic name entry element ရှမ်းပြည်နယ်
General subdivision ဒေသန္တရနှင့် ခရီးသွား။
9 (RLIN) 28034
Topical term or geographic name entry element မြန်မာနိုင်ငံ
General subdivision ဒေသန္တရနှင့် ခရီးသွား။
9 (RLIN) 28030
942 ## - ADDED ENTRY ELEMENTS (KOHA)
Source of classification or shelving scheme
Koha item type Book (Short term)
Holdings
Withdrawn status Lost status Source of classification or shelving scheme Damaged status Not for loan Collection code Permanent Location Current Location Shelving location Date acquired Total Checkouts Total Renewals Full call number Barcode Date last seen Date last checked out Price effective from Koha item type Accession
          Special Collections Shan State Buddhist University Library Shan State Buddhist University Library Special Collection Shelves 14/07/2023 1 1 ၉၁၅.၉၁၁၆ ရောင် ၁၆၀၂၄ (S-SAT) MB00016024 02/07/2024 20/06/2024 14/07/2023 Book (Short term) ၁၆၀၂၄ (S-SAT)

Library - 09407999929
Admin Office - 09407999979
Dean Office - 09250910768
Registrar Office - 09892297154
Email - [email protected]
Shan State Buddhist University, Phaya Phyu Taunggyi, Shan State, Myanmar.